[Event "Wroclaw"]
[Site "?"]
[Date "2020.08.27"]
[Round "2.9"]
[White "Majewski, Krzysztof"]
[Black "Skurniak, Szymon"]
[Result "0-1"]
[BlackElo "1963"]
[WhiteElo "1644"]
[LiveChessVersion "1.4.8"]

1. e4 {[%clk 0:03:02]} d6 {[%clk 0:03:04]} 2. d4 {[%clk 0:03:02]} Nf6
{[%clk 0:03:05]} 3. Nc3 {[%clk 0:03:03]} Nbd7 {[%clk 0:03:06]} 4. Be3
{[%clk 0:02:59]} e5 {[%clk 0:03:07]} 5. h3 {[%clk 0:02:47]} Be7 {[%clk 0:02:57]}
6. Nf3 {[%clk 0:02:48]} c6 {[%clk 0:02:58]} 7. Be2 {[%clk 0:02:43]} O-O
{[%clk 0:02:56]} 8. O-O {[%clk 0:02:42]} a5 {[%clk 0:02:54]} 9. a4
{[%clk 0:02:30]} exd4 {[%clk 0:02:43]} 10. Nxd4 {[%clk 0:02:28]} Nc5
{[%clk 0:02:43]} 11. Bd3 {[%clk 0:02:12]} Re8 {[%clk 0:02:37]} 12. Nf5
{[%clk 0:01:55]} Bxf5 {[%clk 0:02:38]} 13. exf5 {[%clk 0:01:54]} d5
{[%clk 0:02:39]} 14. Bf4 {[%clk 0:01:36]} Bd6 {[%clk 0:02:36]} 15. Qf3
{[%clk 0:01:25]} Nxd3 {[%clk 0:02:34]} 16. cxd3 {[%clk 0:01:25]} Qc7
{[%clk 0:02:35]} 17. Bg5 {[%clk 0:01:23]} Be5 {[%clk 0:02:13]} 18. Rad1
{[%clk 0:01:09]} h6 {[%clk 0:02:14]} 19. Bh4 {[%clk 0:01:04]} Nd7
{[%clk 0:02:01]} 20. d4 {[%clk 0:00:52]} Bh2+ {[%clk 0:02:02]} 21. Kh1
{[%clk 0:00:53]} Qf4 {[%clk 0:02:03]} 22. Qxf4 {[%clk 0:00:32]} Bxf4
{[%clk 0:02:04]} 23. Rfe1 {[%clk 0:00:29]} Nb6 {[%clk 0:02:00]} 24. b3
{[%clk 0:00:29]} Rxe1+ {[%clk 0:02:01]} 25. Rxe1 {[%clk 0:00:28]} Bd2
{[%clk 0:02:02]} 26. Re7 {[%clk 0:00:22]} Bxc3 {[%clk 0:02:02]} 27. Rxb7
{[%clk 0:00:22]} Bxd4 {[%clk 0:02:03]} 28. Rc7 {[%clk 0:00:18]} c5
{[%clk 0:02:00]} 29. f3 {[%clk 0:00:18]} c4 {[%clk 0:02:01]} 30. bxc4
{[%clk 0:00:15]} Nxc4 {[%clk 0:01:52]} 31. Rd7 {[%clk 0:00:15]} Ne3
{[%clk 0:01:51]} 32. Bf2 {[%clk 0:00:11]} Nxf5 {[%clk 0:01:51]} 33. Bxd4
{[%clk 0:00:12]} Nxd4 {[%clk 0:01:52]} 34. Rxd5 {[%clk 0:00:13]} Ne6
{[%clk 0:01:52]} 35. Kg1 {[%clk 0:00:14]} Kf8 {[%clk 0:01:35]} 36. Kf2
{[%clk 0:00:15]} Ke7 {[%clk 0:01:36]} 37. Ke3 {[%clk 0:00:16]} g6
{[%clk 0:01:34]} 38. g3 {[%clk 0:00:14]} Ra6 {[%clk 0:01:29]} 39. Rb5
{[%clk 0:00:14]} Nc7 {[%clk 0:01:29]} 40. Rc5 {[%clk 0:00:12]} Kd6
{[%clk 0:01:30]} 41. Rc1 {[%clk 0:00:06]} Nd5+ {[%clk 0:01:31]} 42. Kd4
{[%clk 0:00:07]} Nb4 {[%clk 0:01:32]} 43. Rc8 {[%clk 0:00:06]} Kd7
{[%clk 0:01:27]} 44. Rc5 {[%clk 0:00:07]} Rb6 {[%clk 0:01:14]} 45. Ke3
{[%clk 0:00:06]} Nc6 {[%clk 0:01:15]} 46. Ke4 {[%clk 0:00:05]} Rb4+
{[%clk 0:01:15]} 47. Ke3 {[%clk 0:00:04]} Rxa4 48. Rd5+ Kc7 {[%clk 0:01:16]} 49.
Rb5 {[%clk 0:00:06]} Rb4 {[%clk 0:01:17]} 50. Rd5 {[%clk 0:00:06]} f5
{[%clk 0:01:18]} 51. Rd1 {[%clk 0:00:08]} Rb3+ {[%clk 0:01:18]} 52. Kf4
{[%clk 0:00:08]} a4 {[%clk 0:01:19]} 53. Ra1 {[%clk 0:00:06]} a3 {[%clk 0:01:20]}
54. g4 {[%clk 0:00:07]} fxg4 {[%clk 0:01:20]} 55. hxg4 {[%clk 0:00:08]} Nb4
{[%clk 0:01:20]} 56. Ke5 {[%clk 0:00:08]} a2 {[%clk 0:01:17]} 57. Kf6
{[%clk 0:00:07]} Rxf3+ {[%clk 0:01:16]} 58. Kxg6 {[%clk 0:00:08]} Rg3
{[%clk 0:01:10]} 59. Kh5 {[%clk 0:00:06]} Kb6 {[%clk 0:01:10]} 60. Rd1
{[%clk 0:00:04]} Rd3 {[%clk 0:01:09]} 61. Ra1 {[%clk 0:00:03]} Rd4
{[%clk 0:01:09]} 62. Kxh6 {[%clk 0:00:04]} Rxg4 {[%clk 0:01:10]} 63. Kh5
{[%clk 0:00:06]} Rg2 {[%clk 0:01:10]} 64. Kh4 {[%clk 0:00:07]} Rb2
{[%clk 0:01:10]} 0-1

[Event "Wroclaw"]
[Site "?"]
[Date "2020.08.27"]
[Round "3.1"]
[White "Baum, Jonasz"]
[Black "Turski, Bartlomiej"]
[Result "0-1"]
[BlackElo "1929"]
[WhiteElo "2187"]
[LiveChessVersion "1.4.8"]

1. e4 {[%clk 0:03:03]} c5 {[%clk 0:03:03]} 2. d3 {[%clk 0:03:04]} Nc6
{[%clk 0:03:02]} 3. g3 {[%clk 0:03:05]} g6 {[%clk 0:03:03]} 4. Bg2
{[%clk 0:03:06]} Bg7 {[%clk 0:03:04]} 5. f4 {[%clk 0:03:07]} e6 {[%clk 0:03:04]}
6. Nf3 {[%clk 0:03:07]} Nge7 {[%clk 0:03:05]} 7. O-O {[%clk 0:03:07]} O-O
{[%clk 0:03:05]} 8. c3 {[%clk 0:03:08]} d5 {[%clk 0:02:33]} 9. e5
{[%clk 0:03:09]} d4 {[%clk 0:02:27]} 10. c4 {[%clk 0:03:09]} Rb8 {[%clk 0:02:23]}
11. Nbd2 {[%clk 0:03:00]} f6 {[%clk 0:01:57]} 12. exf6 {[%clk 0:02:57]} Bxf6
{[%clk 0:01:57]} 13. Ne4 {[%clk 0:02:59]} b6 {[%clk 0:01:58]} 14. Nxf6+
{[%clk 0:02:29]} Rxf6 {[%clk 0:01:59]} 15. Re1 {[%clk 0:02:30]} Qd6
{[%clk 0:01:51]} 16. Ng5 {[%clk 0:02:23]} Qc7 {[%clk 0:01:30]} 17. a3
{[%clk 0:02:01]} Bd7 {[%clk 0:01:10]} 18. Rb1 {[%clk 0:01:55]} a5
{[%clk 0:01:00]} 19. Bd2 {[%clk 0:01:51]} Nf5 {[%clk 0:00:30]} 20. Re2
{[%clk 0:01:13]} Re8 {[%clk 0:00:17]} 21. Qe1 {[%clk 0:01:13]} h6 22. Ne4
{[%clk 0:01:12]} Rf7 {[%clk 0:00:06]} 23. Nf2 {[%clk 0:00:51]} Kg7
{[%clk 0:00:03]} 24. Ng4 {[%clk 0:00:51]} h5 {[%clk 0:00:03]} 25. Nf2
{[%clk 0:00:48]} Rff8 {[%clk 0:00:04]} 26. Ne4 {[%clk 0:00:48]} Rf7
{[%clk 0:00:04]} 27. Ng5 {[%clk 0:00:49]} Rf6 {[%clk 0:00:05]} 28. Be4
{[%clk 0:00:36]} Ne3 {[%clk 0:00:04]} 29. Bxe3 {[%clk 0:00:35]} dxe3
{[%clk 0:00:05]} 30. Rxe3 {[%clk 0:00:36]} Nd4 {[%clk 0:00:06]} 31. Qd2
{[%clk 0:00:29]} e5 {[%clk 0:00:07]} 32. fxe5 {[%clk 0:00:16]} Qxe5
{[%clk 0:00:08]} 33. Nf3 {[%clk 0:00:12]} Nxf3+ {[%clk 0:00:08]} 34. Rxf3
{[%clk 0:00:13]} Rxf3 {[%clk 0:00:08]} 35. Bxf3 {[%clk 0:00:14]} Qe3+
{[%clk 0:00:09]} 36. Qxe3 {[%clk 0:00:15]} Rxe3 {[%clk 0:00:11]} 37. Kf2
{[%clk 0:00:04]} Rxd3 {[%clk 0:00:10]} 38. Ke2 {[%clk 0:00:04]} Rd4
{[%clk 0:00:11]} 39. Bd5 {[%clk 0:00:04]} a4 {[%clk 0:00:11]} 40. Ke3
{[%clk 0:00:04]} Bf5 {[%clk 0:00:10]} 41. Rf1 {[%clk 0:00:04]} Kf6
{[%clk 0:00:11]} 42. h3 {[%clk 0:00:03]} Ke5 {[%clk 0:00:12]} 43. h4
{[%clk 0:00:03]} Rd3+ {[%clk 0:00:14]} 44. Ke2 {[%clk 0:00:04]} Rb3
{[%clk 0:00:15]} 45. Rg1 {[%clk 0:00:03]} Rxb2+ {[%clk 0:00:16]} 46. Ke3
{[%clk 0:00:04]} Rb3+ {[%clk 0:00:17]} 47. Kd2 {[%clk 0:00:05]} Rb2+
{[%clk 0:00:17]} 48. Ke3 {[%clk 0:00:05]} Ra2 {[%clk 0:00:17]} 49. Re1
{[%clk 0:00:04]} Rxa3+ {[%clk 0:00:14]} 50. Kf2+ {[%clk 0:00:05]} Kf6
{[%clk 0:00:15]} 51. Re8 {[%clk 0:00:05]} Rb3 {[%clk 0:00:15]} 52. Ra8
{[%clk 0:00:05]} a3 {[%clk 0:00:17]} 53. Ra6 {[%clk 0:00:04]} Ke5
{[%clk 0:00:17]} 54. Kg2 {[%clk 0:00:03]} Kd4 {[%clk 0:00:19]} 55. Ra7
{[%clk 0:00:04]} Kc3 {[%clk 0:00:20]} 56. Bf7 {[%clk 0:00:04]} Kb2
{[%clk 0:00:20]} 57. Be8 {[%clk 0:00:04]} a2 {[%clk 0:00:21]} 0-1

[Event "Wroclaw"]
[Site "?"]
[Date "2020.08.27"]
[Round "3.2"]
[White "Niedbala, Bartlomiej"]
[Black "Luczak, Filip"]
[Result "1/2-1/2"]
[BlackElo "1891"]
[WhiteElo "2131"]
[LiveChessVersion "1.4.8"]

1. d4 {[%clk 0:03:04]} c5 {[%clk 0:03:04]} 2. d5 {[%clk 0:03:05]} e5
{[%clk 0:03:05]} 3. e4 {[%clk 0:03:06]} d6 {[%clk 0:03:06]} 4. Nc3
{[%clk 0:03:07]} Be7 {[%clk 0:03:07]} 5. Bb5+ {[%clk 0:03:08]} Bd7
{[%clk 0:03:04]} 6. Be2 {[%clk 0:03:09]} a6 {[%clk 0:03:02]} 7. a4
{[%clk 0:03:10]} Bg5 {[%clk 0:03:00]} 8. Bg4 {[%clk 0:02:48]} Bxc1
{[%clk 0:02:50]} 9. Bxd7+ {[%clk 0:02:48]} Nxd7 {[%clk 0:02:49]} 10. Qxc1
{[%clk 0:02:46]} Ne7 {[%clk 0:02:47]} 11. Nge2 {[%clk 0:02:40]} O-O
{[%clk 0:02:44]} 12. Ng3 {[%clk 0:02:40]} Rb8 {[%clk 0:02:28]} 13. O-O
{[%clk 0:02:38]} f5 {[%clk 0:01:28]} 14. exf5 {[%clk 0:02:39]} Nxf5
{[%clk 0:01:27]} 15. Nxf5 {[%clk 0:02:40]} Rxf5 {[%clk 0:01:27]} 16. Ne4
{[%clk 0:02:41]} Nf6 {[%clk 0:01:19]} 17. Ng3 {[%clk 0:02:42]} Rf4
{[%clk 0:01:12]} 18. Ne2 {[%clk 0:02:27]} Rf5 {[%clk 0:01:10]} 19. c4
{[%clk 0:02:17]} Qe8 {[%clk 0:00:32]} 20. a5 {[%clk 0:02:13]} Qg6
{[%clk 0:00:28]} 21. Ra3 {[%clk 0:02:14]} Rf8 {[%clk 0:00:24]} 22. Rg3
{[%clk 0:02:14]} Qf7 {[%clk 0:00:25]} 23. Qe3 {[%clk 0:01:48]} Nh5
{[%clk 0:00:24]} 24. Rg5 {[%clk 0:01:40]} Nf4 {[%clk 0:00:23]} 25. Rxf5
{[%clk 0:01:22]} Qxf5 {[%clk 0:00:24]} 26. Nxf4 {[%clk 0:01:14]} Qxf4
{[%clk 0:00:25]} 27. Qb3 {[%clk 0:01:12]} Rf7 {[%clk 0:00:20]} 28. Qb6
{[%clk 0:01:11]} Rd7 {[%clk 0:00:21]} 29. Qb3 {[%clk 0:01:02]} e4
{[%clk 0:00:21]} 30. Re1 {[%clk 0:00:56]} Rf7 {[%clk 0:00:19]} 31. Qe3
{[%clk 0:00:57]} Qe5 {[%clk 0:00:12]} 32. Qxe4 {[%clk 0:00:34]} Qxb2
{[%clk 0:00:13]} 33. Qe8+ {[%clk 0:00:35]} Rf8 {[%clk 0:00:14]} 34. Qe6+
{[%clk 0:00:36]} Kh8 {[%clk 0:00:15]} 35. Qf7 {[%clk 0:00:31]} Rg8
{[%clk 0:00:08]} 36. g3 {[%clk 0:00:27]} h6 {[%clk 0:00:09]} 37. Re6
{[%clk 0:00:24]} Qc1+ {[%clk 0:00:08]} 38. Kg2 {[%clk 0:00:25]} Qxc4
{[%clk 0:00:07]} 39. Rxd6 {[%clk 0:00:23]} Qe4+ {[%clk 0:00:09]} 40. Qf3
{[%clk 0:00:24]} Qe5 {[%clk 0:00:07]} 41. Re6 {[%clk 0:00:23]} Qd4
{[%clk 0:00:04]} 42. Qh5 {[%clk 0:00:11]} Qd2 43. Kh3 {[%clk 0:00:07]} c4
{[%clk 0:00:05]} 44. f4 {[%clk 0:00:09]} Kh7 {[%clk 0:00:04]} 45. Qf5+
{[%clk 0:00:09]} Kh8 {[%clk 0:00:05]} 46. Qe5 {[%clk 0:00:08]} Kh7
{[%clk 0:00:05]} 47. d6 {[%clk 0:00:09]} Qd3 {[%clk 0:00:06]} 48. Qe4+
{[%clk 0:00:06]} Qxe4 {[%clk 0:00:07]} 49. Rxe4 {[%clk 0:00:07]} Rd8
{[%clk 0:00:08]} 50. Rxc4 Rxd6 {[%clk 0:00:09]} 51. Rc7 {[%clk 0:00:09]} b6
{[%clk 0:00:06]} 52. axb6 {[%clk 0:00:09]} Rxb6 {[%clk 0:00:07]} 53. Ra7
{[%clk 0:00:10]} Kg6 {[%clk 0:00:06]} 54. Kg4 {[%clk 0:00:10]} h5+
{[%clk 0:00:07]} 55. Kh4 {[%clk 0:00:11]} Kh6 {[%clk 0:00:08]} 56. Kh3
{[%clk 0:00:08]} Rc6 {[%clk 0:00:08]} 57. Kh4 {[%clk 0:00:06]} 1/2-1/2

[Event "Wroclaw"]
[Site "?"]
[Date "2020.08.27"]
[Round "3.3"]
[White "Poltorak, Sebastian"]
[Black "Luberanski, Jakub"]
[Result "0-1"]
[BlackElo "2087"]
[WhiteElo "1841"]
[LiveChessVersion "1.4.8"]

1. d4 {[%clk 0:03:03]} Nf6 {[%clk 0:03:03]} 2. c4 {[%clk 0:03:04]} g6
{[%clk 0:03:04]} 3. f3 {[%clk 0:03:05]} d5 {[%clk 0:03:05]} 4. cxd5 Nxd5
{[%clk 0:03:06]} 5. e4 {[%clk 0:03:07]} Nb6 {[%clk 0:03:07]} 6. Nc3
{[%clk 0:03:08]} Bg7 {[%clk 0:03:08]} 7. Be3 {[%clk 0:03:09]} O-O
{[%clk 0:03:07]} 8. Qd2 {[%clk 0:03:10]} e5 {[%clk 0:02:46]} 9. d5
{[%clk 0:03:08]} c6 {[%clk 0:02:41]} 10. O-O-O {[%clk 0:03:07]} cxd5
{[%clk 0:02:41]} 11. exd5 {[%clk 0:03:06]} Qc7 {[%clk 0:02:13]} 12. h4
{[%clk 0:02:55]} N8d7 {[%clk 0:01:34]} 13. h5 {[%clk 0:02:49]} e4
{[%clk 0:01:31]} 14. fxe4 {[%clk 0:02:26]} Ne5 {[%clk 0:01:32]} 15. d6
{[%clk 0:02:12]} Qd8 {[%clk 0:01:20]} 16. Bg5 {[%clk 0:02:03]} f6
{[%clk 0:01:00]} 17. Bh6 {[%clk 0:01:58]} Bxh6 {[%clk 0:00:54]} 18. Qxh6
{[%clk 0:01:58]} g5 {[%clk 0:00:55]} 19. a4 {[%clk 0:00:26]} Ng4 {[%clk 0:00:56]}
20. Qxf8+ {[%clk 0:00:23]} Qxf8 {[%clk 0:00:56]} 21. Nh3 {[%clk 0:00:23]} Ne3
{[%clk 0:00:52]} 22. Rd3 {[%clk 0:00:25]} Nxf1 {[%clk 0:00:49]} 23. Rxf1
{[%clk 0:00:26]} Be6 {[%clk 0:00:34]} 24. Rfd1 {[%clk 0:00:23]} Rc8
{[%clk 0:00:31]} 25. Kb1 {[%clk 0:00:17]} Nd7 {[%clk 0:00:32]} 26. Nd5
{[%clk 0:00:13]} Bxd5 {[%clk 0:00:30]} 27. Rxd5 {[%clk 0:00:14]} Qe8
{[%clk 0:00:27]} 28. Nf2 {[%clk 0:00:14]} Qxh5 {[%clk 0:00:26]} 29. R1d2
{[%clk 0:00:09]} Qg6 {[%clk 0:00:19]} 30. g4 {[%clk 0:00:09]} Rc4
{[%clk 0:00:16]} 31. b3 {[%clk 0:00:09]} Rc3 {[%clk 0:00:14]} 32. Kb2
{[%clk 0:00:10]} Rf3 {[%clk 0:00:13]} 33. Rc2 {[%clk 0:00:09]} h5
{[%clk 0:00:07]} 34. Rc8+ {[%clk 0:00:10]} Kf7 {[%clk 0:00:08]} 35. Rc7
{[%clk 0:00:10]} Rxf2+ {[%clk 0:00:08]} 36. Ka3 {[%clk 0:00:11]} Ke6
{[%clk 0:00:09]} 37. Rd4 {[%clk 0:00:11]} h4 {[%clk 0:00:05]} 38. Rc3
{[%clk 0:00:11]} h3 {[%clk 0:00:06]} 39. Rxh3 {[%clk 0:00:12]} Re2
{[%clk 0:00:06]} 40. Rh8 {[%clk 0:00:09]} Rxe4 {[%clk 0:00:07]} 41. Re8+
{[%clk 0:00:08]} Qxe8 {[%clk 0:00:08]} 42. Rxe4+ {[%clk 0:00:09]} Kf7
{[%clk 0:00:10]} 43. Rxe8 {[%clk 0:00:09]} Kxe8 {[%clk 0:00:11]} 44. Kb4
{[%clk 0:00:11]} Kf7 {[%clk 0:00:12]} 45. a5 {[%clk 0:00:10]} a6 {[%clk 0:00:13]}
46. Kc4 {[%clk 0:00:10]} Ke6 {[%clk 0:00:14]} 47. b4 {[%clk 0:00:12]} Kxd6
{[%clk 0:00:15]} 48. b5 {[%clk 0:00:13]} Ne5+ {[%clk 0:00:16]} 49. Kd4 0-1

[Event "Wroclaw"]
[Site "?"]
[Date "2020.08.27"]
[Round "3.4"]
[White "Kacprzak, Kacper"]
[Black "Szydlo, Michal"]
[Result "1-0"]
[BlackElo "1836"]
[WhiteElo "2035"]
[LiveChessVersion "1.4.8"]

1. e4 {[%clk 0:03:03]} e5 {[%clk 0:03:04]} 2. Nf3 {[%clk 0:03:03]} Nc6
{[%clk 0:03:05]} 3. Bc4 {[%clk 0:03:04]} Nf6 {[%clk 0:03:06]} 4. d3
{[%clk 0:03:05]} Be7 {[%clk 0:03:06]} 5. c3 {[%clk 0:03:06]} O-O {[%clk 0:03:06]}
6. Bb3 {[%clk 0:03:08]} d5 {[%clk 0:03:05]} 7. Qe2 {[%clk 0:03:09]} Re8
{[%clk 0:02:44]} 8. Nbd2 {[%clk 0:03:10]} Bf8 {[%clk 0:02:38]} 9. h3
{[%clk 0:03:11]} d4 {[%clk 0:02:22]} 10. Nf1 {[%clk 0:03:11]} g6 {[%clk 0:02:17]}
11. Ng3 {[%clk 0:03:12]} Bg7 {[%clk 0:02:17]} 12. O-O {[%clk 0:03:13]} Qd6
{[%clk 0:02:03]} 13. Ng5 {[%clk 0:03:11]} Rf8 {[%clk 0:01:59]} 14. Kh2
{[%clk 0:02:27]} h6 {[%clk 0:01:57]} 15. Nf3 {[%clk 0:02:28]} Na5
{[%clk 0:01:23]} 16. Bc2 {[%clk 0:02:29]} c5 {[%clk 0:01:23]} 17. Bd2
{[%clk 0:02:28]} Nc6 {[%clk 0:01:21]} 18. c4 {[%clk 0:02:23]} a6 {[%clk 0:01:22]}
19. Ba4 {[%clk 0:02:18]} Rb8 {[%clk 0:01:18]} 20. Bxc6 {[%clk 0:02:18]} bxc6
{[%clk 0:01:18]} 21. b3 {[%clk 0:02:18]} Ne8 {[%clk 0:00:51]} 22. Ne1
{[%clk 0:02:07]} f5 {[%clk 0:00:40]} 23. exf5 {[%clk 0:02:07]} gxf5
{[%clk 0:00:39]} 24. Nh5 {[%clk 0:02:08]} Nf6 {[%clk 0:00:33]} 25. Nxg7
{[%clk 0:02:08]} Kxg7 {[%clk 0:00:34]} 26. Nf3 {[%clk 0:02:09]} e4+
{[%clk 0:00:31]} 27. Kg1 {[%clk 0:02:08]} exf3 {[%clk 0:00:32]} 28. Qxf3
{[%clk 0:02:08]} Be6 {[%clk 0:00:27]} 29. Bf4 {[%clk 0:02:09]} Qd7
{[%clk 0:00:26]} 30. Bxb8 {[%clk 0:02:09]} Rxb8 {[%clk 0:00:28]} 31. Qg3+
{[%clk 0:02:11]} 1-0

[Event "Wroclaw"]
[Site "?"]
[Date "2020.08.27"]
[Round "3.5"]
[White "Bachor, Tomasz"]
[Black "Suder, Jakub"]
[Result "1/2-1/2"]
[BlackElo "2031"]
[WhiteElo "1812"]
[LiveChessVersion "1.4.8"]

1. d4 {[%clk 0:03:03]} d5 {[%clk 0:03:04]} 2. c4 {[%clk 0:03:04]} e6
{[%clk 0:03:05]} 3. Nc3 {[%clk 0:03:05]} a6 {[%clk 0:03:06]} 4. cxd5
{[%clk 0:03:02]} exd5 {[%clk 0:03:07]} 5. Nf3 {[%clk 0:03:01]} Nf6
{[%clk 0:03:08]} 6. Bg5 {[%clk 0:03:01]} Be6 {[%clk 0:03:09]} 7. e3
{[%clk 0:03:01]} Nbd7 {[%clk 0:03:09]} 8. Bd3 {[%clk 0:02:59]} Bd6
{[%clk 0:03:09]} 9. O-O {[%clk 0:02:55]} c6 {[%clk 0:03:09]} 10. Qc2
{[%clk 0:02:43]} Qb8 {[%clk 0:03:10]} 11. Bh4 {[%clk 0:02:33]} O-O
{[%clk 0:03:09]} 12. Bg3 {[%clk 0:02:31]} Bg4 {[%clk 0:03:06]} 13. Rae1
{[%clk 0:02:07]} Bh5 {[%clk 0:02:56]} 14. Kh1 {[%clk 0:02:06]} Bg6
{[%clk 0:02:53]} 15. Nd2 {[%clk 0:02:00]} Bxg3 {[%clk 0:02:34]} 16. fxg3
{[%clk 0:01:59]} Qd6 {[%clk 0:02:21]} 17. Rf4 {[%clk 0:01:48]} Rae8
{[%clk 0:02:17]} 18. Nd1 {[%clk 0:01:39]} Re7 {[%clk 0:01:56]} 19. Ref1
{[%clk 0:01:37]} Rfe8 {[%clk 0:01:57]} 20. a3 {[%clk 0:01:22]} Nh5
{[%clk 0:01:42]} 21. Rh4 {[%clk 0:01:08]} Nhf6 {[%clk 0:01:32]} 22. Rhf4
{[%clk 0:01:03]} Nf8 {[%clk 0:01:21]} 23. R4f2 {[%clk 0:00:56]} Ne6
{[%clk 0:01:18]} 24. Nf3 {[%clk 0:00:51]} Bxd3 {[%clk 0:01:08]} 25. Qxd3
{[%clk 0:00:51]} Ne4 {[%clk 0:01:08]} 26. Re2 {[%clk 0:00:46]} f6
{[%clk 0:01:07]} 27. Nc3 {[%clk 0:00:42]} N6g5 {[%clk 0:01:04]} 28. Nxg5
{[%clk 0:00:42]} Nxg5 {[%clk 0:01:03]} 29. Rf4 {[%clk 0:00:38]} Re6
{[%clk 0:00:53]} 30. b4 {[%clk 0:00:37]} Qe7 {[%clk 0:00:52]} 31. h4
{[%clk 0:00:35]} Ne4 {[%clk 0:00:33]} 32. Nxe4 {[%clk 0:00:35]} Rxe4
{[%clk 0:00:34]} 33. Rxe4 {[%clk 0:00:35]} Qxe4 {[%clk 0:00:33]} 34. Qxe4
{[%clk 0:00:35]} Rxe4 {[%clk 0:00:34]} 35. Kg1 {[%clk 0:00:36]} Kf7
{[%clk 0:00:34]} 36. Kf2 {[%clk 0:00:37]} Ke7 {[%clk 0:00:35]} 37. Kf3
{[%clk 0:00:35]} Kd7 {[%clk 0:00:36]} 38. a4 {[%clk 0:00:31]} Kc7
{[%clk 0:00:33]} 39. a5 {[%clk 0:00:32]} Re8 {[%clk 0:00:25]} 40. g4
{[%clk 0:00:30]} Re4 {[%clk 0:00:24]} 1/2-1/2

[Event "Wroclaw"]
[Site "?"]
[Date "2020.08.27"]
[Round "3.6"]
[White "Kacprzak, Karol"]
[Black "Kubica, Dominik"]
[Result "1-0"]
[BlackElo "1500"]
[WhiteElo "2012"]
[LiveChessVersion "1.4.8"]

1. d4 {[%clk 0:03:04]} d5 {[%clk 0:03:03]} 2. Nf3 {[%clk 0:03:05]} e6
{[%clk 0:03:03]} 3. e3 {[%clk 0:03:06]} Nf6 {[%clk 0:03:04]} 4. Bd3
{[%clk 0:03:07]} c5 {[%clk 0:03:04]} 5. b3 {[%clk 0:03:08]} Nc6 {[%clk 0:03:03]}
6. Bb2 {[%clk 0:03:09]} Be7 {[%clk 0:02:53]} 7. O-O {[%clk 0:03:09]} h6
{[%clk 0:02:54]} 8. a3 {[%clk 0:03:11]} O-O {[%clk 0:02:53]} 9. Nbd2
{[%clk 0:03:10]} Bd7 {[%clk 0:02:49]} 10. Ne5 {[%clk 0:03:11]} Rc8
{[%clk 0:02:35]} 11. f4 {[%clk 0:03:11]} a6 {[%clk 0:02:31]} 12. f5
{[%clk 0:02:51]} Qc7 {[%clk 0:01:50]} 13. Nxd7 {[%clk 0:02:42]} Qxd7
{[%clk 0:01:45]} 14. fxe6 {[%clk 0:02:43]} fxe6 {[%clk 0:01:45]} 15. Kh1
{[%clk 0:02:39]} Bd6 {[%clk 0:01:34]} 16. dxc5 {[%clk 0:02:29]} Bxc5
{[%clk 0:01:34]} 17. e4 {[%clk 0:02:30]} dxe4 {[%clk 0:01:27]} 18. Nxe4
{[%clk 0:02:20]} Nxe4 {[%clk 0:01:03]} 19. Bxe4 {[%clk 0:02:20]} Qxd1
{[%clk 0:01:02]} 20. Rfxd1 {[%clk 0:02:15]} Rf2 {[%clk 0:00:54]} 21. Rd7
{[%clk 0:02:10]} e5 {[%clk 0:00:37]} 22. Rxb7 {[%clk 0:01:53]} Bd4
{[%clk 0:00:29]} 23. Bxd4 {[%clk 0:01:41]} Nxd4 {[%clk 0:00:29]} 24. c4
{[%clk 0:01:42]} Rcf8 {[%clk 0:00:24]} 25. h3 {[%clk 0:01:37]} Ne2
{[%clk 0:00:20]} 26. Bd5+ {[%clk 0:01:32]} Kh8 {[%clk 0:00:21]} 27. Re1
{[%clk 0:01:12]} Ng3+ {[%clk 0:00:21]} 28. Kh2 {[%clk 0:01:13]} Nf1+ 29. Kg1 Ng3
{[%clk 0:00:09]} 30. Ra7 {[%clk 0:01:12]} Ne2+ {[%clk 0:00:06]} 31. Kh2
{[%clk 0:01:10]} Nf4 {[%clk 0:00:06]} 32. Be4 {[%clk 0:01:05]} Nh5
{[%clk 0:00:03]} 33. Rxa6 {[%clk 0:01:04]} Rb2 34. b4 Rff2 {[%clk 0:03:02]} 35.
Ra8+ 1-0

[Event "Wroclaw"]
[Site "?"]
[Date "2020.08.27"]
[Round "3.7"]
[White "Skurniak, Szymon"]
[Black "Kitewski, Bartosz"]
[Result "1-0"]
[BlackElo "1291"]
[WhiteElo "1963"]
[LiveChessVersion "1.4.8"]

1. e4 e6 {[%clk 0:03:02]} 2. d4 {[%clk 0:03:02]} d5 {[%clk 0:03:03]} 3. Nc3
{[%clk 0:03:04]} Nf6 {[%clk 0:03:04]} 4. Bg5 {[%clk 0:03:05]} Be7
{[%clk 0:03:05]} 5. e5 {[%clk 0:03:05]} Nfd7 {[%clk 0:03:06]} 6. h4
{[%clk 0:03:07]} h6 {[%clk 0:03:06]} 7. Bxe7 {[%clk 0:03:07]} Qxe7
{[%clk 0:03:07]} 8. f4 {[%clk 0:03:05]} a6 {[%clk 0:03:06]} 9. Nf3
{[%clk 0:03:05]} c5 {[%clk 0:03:08]} 10. Ne2 {[%clk 0:03:04]} Nc6
{[%clk 0:03:08]} 11. c3 {[%clk 0:03:05]} b5 {[%clk 0:03:08]} 12. g4
{[%clk 0:02:56]} b4 {[%clk 0:02:58]} 13. Rc1 {[%clk 0:02:24]} c4 {[%clk 0:02:53]}
14. Ng3 {[%clk 0:02:14]} a5 {[%clk 0:02:52]} 15. Nh5 {[%clk 0:02:10]} Kf8
{[%clk 0:01:59]} 16. Qd2 {[%clk 0:01:43]} a4 {[%clk 0:01:51]} 17. f5
{[%clk 0:01:25]} a3 {[%clk 0:01:30]} 18. cxb4 {[%clk 0:00:49]} Qxb4
{[%clk 0:01:13]} 19. bxa3 {[%clk 0:00:44]} Rxa3 {[%clk 0:01:11]} 20. Qxb4+
{[%clk 0:00:36]} Nxb4 {[%clk 0:01:12]} 21. Rb1 {[%clk 0:00:37]} Nxa2
{[%clk 0:01:00]} 22. Bg2 {[%clk 0:00:31]} Rb3 {[%clk 0:00:54]} 23. Kf2
{[%clk 0:00:28]} Ba6 {[%clk 0:00:53]} 24. Rxb3 {[%clk 0:00:27]} cxb3
{[%clk 0:00:54]} 25. Rb1 {[%clk 0:00:28]} Bc4 {[%clk 0:00:55]} 26. Nd2
{[%clk 0:00:29]} Nb6 {[%clk 0:00:46]} 27. Nxb3 {[%clk 0:00:29]} Nc3
{[%clk 0:00:40]} 28. Rc1 {[%clk 0:00:28]} Nba4 {[%clk 0:00:36]} 29. Nc5
{[%clk 0:00:29]} g6 {[%clk 0:00:33]} 30. fxg6 {[%clk 0:00:27]} fxg6
{[%clk 0:00:33]} 31. Nf6 {[%clk 0:00:27]} Ke7 {[%clk 0:00:31]} 32. Nxa4
{[%clk 0:00:26]} Nxa4 {[%clk 0:00:29]} 33. Ra1 {[%clk 0:00:24]} Ra8
{[%clk 0:00:20]} 34. h5 {[%clk 0:00:23]} 1-0